000 00430nam a22001697a 4500
999 _c422
_d422
005 20210915115842.0
008 160502b xxu||||| |||| 00| 0 eng d
020 _a0-7619-9507-2
041 _aeng
082 _b1109
_a338.001
100 _aSengupta Nirmal
_9364
245 _aA New Institutional theory of Production
260 _aNew Delhi
_bSage Publication,
_c2001
300 _a291
650 _aManagement
_9241
942 _cBK